| 000 | 00464nam a2200181 a 4500 | ||
|---|---|---|---|
| 001 | 3812 | ||
| 005 | 20140414131845.0 | ||
| 008 | 061013s19uu xx 00 eng d | ||
| 020 | _a1-56987-368-2 | ||
| 050 |
_aM 220.95 _bD19 1995 |
||
| 100 | _aDandi | ||
| 245 |
_aThe story of Jesus / _cwritten by Dandi. |
||
| 260 |
_aAshland, Ohio : _bLandoll, _c1995. |
||
| 300 | _ap. ; cm. | ||
| 650 | _aBible stories. | ||
| 650 | _aChildren stories. | ||
| 999 |
_c109908 _d109908 |
||